CHELSEA's Top League Goalscorer Per Season Quiz Stats

 Plays Quiz not verified by Sporcle

Challenge
Share
Tweet
Embed
Score 0/115 Timer 12:00
0 Plays Today
Season Player % Correct
2017/18Eden Hazard
100%
2009/10Didier Drogba
99.5%
2006/07Didier Drogba
99.5%
2007/08Frank Lampard
98.7%
2005/06Frank Lampard
98.7%
2004/05Frank Lampard
98.7%
2015/16Diego Costa
98.6%
2014/15Diego Costa
98.5%
2011/12Frank Lampard
98.4%
2012/13Frank Lampard
98.3%
2016/17Diego Costa
97.5%
2013/14Eden Hazard
92.9%
2008/09Nicolas Anelka
92.7%
2002/03Gianfranco Zola
88.3%
1998/99Gianfranco Zola
88.3%
2003/04Jimmy Floyd Hasselbaink
86.4%
2001/02Jimmy Floyd Hasselbaink
86.4%
2000/01Jimmy Floyd Hasselbaink
86.4%
1997/98Tore Andre Flo
68.9%
1999/00Tore Andre Flo
68.9%
2010/11Florent Malouda
65.4%
1996/97Gianluca Vialli
61.6%
1997/98Gianluca Vialli
61.6%
1972/73Peter Osgood
56.4%
1971/72Peter Osgood
56.4%
1969/70Peter Osgood
56.4%
1967/68Peter Osgood
56.4%
1991/92Dennis Wise
55.3%
2011/12Daniel Sturridge
50.8%
1999/00Gustavo Poyet
50.2%
1989/90Kerry Dixon
46.8%
1988/89Kerry Dixon
46.8%
1986/87Kerry Dixon
46.8%
1985/86Kerry Dixon
46.8%
1984/85Kerry Dixon
46.8%
1983/84Kerry Dixon
46.8%
1960/61Jimmy Greaves
45.3%
1959/60Jimmy Greaves
45.3%
1958/59Jimmy Greaves
45.3%
Season Player % Correct
1957/58Jimmy Greaves
45.3%
1968/69Bobby Tambling
44.7%
1966/67Bobby Tambling
44.7%
1963/64Bobby Tambling
44.7%
1962/63Bobby Tambling
44.7%
1961/62Bobby Tambling
44.7%
1995/96John Spencer
38.5%
1994/95John Spencer
38.5%
1993/94Mark Stein
34.6%
1934/35Dick Spence
30.6%
1955/56Roy Bentley
26.2%
1954/55Roy Bentley
26.2%
1953/54Roy Bentley
26.2%
1952/53Roy Bentley
26.2%
1950/51Roy Bentley
26.2%
1948/49Roy Bentley
26.2%
1951/52Roy Bentley
26.2%
1949/50Roy Bentley
26.2%
1975/76Ray Wilkins
24%
1985/86David Speedie
20%
1992/93Mark Harford
15.5%
1990/91Gordon Durie
15.5%
1987/88Gordon Durie
15.5%
1992/93Graham Stuart
15.1%
1932/33Hughie Gallacher
13.1%
1931/32Hughie Gallacher
13.1%
1930/31Hughie Gallacher
13.1%
1974/75Ian Hutchinson
12.8%
1981/82Clive Walker
12.3%
1979/80Clive Walker
12.3%
1928/29Andrew Wilson
11.8%
1923/24Andrew Wilson
11.8%
1908/09George Hilsdon
11.8%
1907/08George Hilsdon
11.8%
1906/07George Hilsdon
11.8%
1965/66George Graham
11.4%
1980/81Colin Lee
11.3%
1946/47Tommy Lawton
8.8%
1978/79Tommy Langley
8.4%
Season Player % Correct
1977/78Tommy Langley
8.4%
1964/65Barry Bridges
8.3%
1921/22Jack Cock
7.7%
1920/21Jack Cock
7.7%
1919/20Jack Cock
7.7%
1937/38George Mills
7.5%
1936/37George Mills
7.5%
1933/34George Mills
7.5%
1929/30George Mills
7.5%
1973/74Tommy Baldwin
7%
1976/77Steve Finnieston
6%
1972/73Chris Garland
5.7%
1912/13Vivian Woodward
5%
1982/83Mike Fillery
4.5%
1927/28Jimmy Thompson
4.5%
1970/71Keith Weller
4.3%
1911/12Bob Whittingham
3.9%
1910/11Bob Whittingham
3.9%
1947/48Bobby Campbell
3.6%
1926/27Bob Turnbull
3.5%
1925/26Bob Turnbull
3.5%
1947/48Ken Armstrong
3.4%
1956/57Ron Tindall
3%
1905/06Frank Pearson
3%
1922/23Harry Ford
2.9%
1909/10Jimmy Windridge
2.6%
1951/52Jimmy D'Arcy
2.5%
1922/23Buchanan Sharp
2.3%
1914/15Bob Thomson
2.3%
1938/39Joe Payne
2.1%
1956/57John McNichol
2.1%
1924/25William Whitton
1.8%
1949/50Hugh Billington
1.4%
1935/36Joe Bambrick
1.4%
1913/14George Biswell
1.4%
1928/29George Biswell
1.4%
1913/14Harold Halse
1.3%

You're not logged in!

Compare scores with friends on all Sporcle quizzes.
Join for Free
OR
Log In

You Might Also Like...

Show Comments

Extras

Top Quizzes Today


Score Distribution

Your Account Isn't Verified!

In order to create a playlist on Sporcle, you need to verify the email address you used during registration. Go to your Sporcle Settings to finish the process.

Report this User

Report this user for behavior that violates our Community Guidelines.

Details: